[Event "IOM Open-Masters 2017"]
[Site "Douglas"]
[Date "2017.09.29"]
[Round "7"]
[White "Basso, Pier Luigi"]
[Black "Jessel, Stephen"]
[Result "0-1"]
[WhiteElo "2460"]
[BlackElo "2334"]
[Annotator "TA"]
[PlyCount "86"]
[EventDate "2017.??.??"]
[EventType "swiss"]
[EventCountry "GBR"]
[SourceTitle "playchess.com"]
[Source "ChessBase"]
[SourceQuality "1"]

{[%evp 9,86,-14,-24,-36,-33,-39,-35,-44,-48,-32,-41,-35,-25,-82,-53,-165,-174,-309,-302,-325,-327,-339,-354,-452,-455,-449,-412,-366,-287,-274,-292,-290,-243,-247,-208,-295,-277,-244,-221,-260,-256,-235,-220,-470,-470,-462,-462,-414,-406,-453,-452,-421,-300,-281,-252,-320,-291,-760,-414,-397,-364,-373,-363,-764,-745,-983,-384,-1302,-1155,-927,-1822,-1652,-1478,-1128,-639,-29987,-29988,-29988,-29989]} 1. d4 a6 2. e4 e6 3. c4 d5 4. cxd5 (4. exd5 exd5 5. Nc3 Nf6 6. Bg5 Bb4 7. cxd5 O-O 8. Bc4 Nbd7 9. Nge2 h6 10. Bh4 Be7 11. Bxf6 Nxf6 {½-½ (25) Georgiev,K (2627)-Bauer,C (2624) Zuerich 2015}) 4... exd5 5. e5 c5 6. dxc5 $146 {C01: French: Exchange Variation} ({Predecessor:} 6. f4 Nc6 7. Nf3 cxd4 8. Nbd2 Nh6 9. Nb3 Nf5 10. Bd3 Ne3 11. Bxe3 dxe3 {0-1 (34) Eggleston,D (2358)-Madan,A (2395) Coulsdon 2009}) 6... Bxc5 7. Nf3 Nc6 {Threatens to win with ...Qb6.} 8. Be2 {Black is slightly better.} Nge7 9. O-O O-O 10. Nc3 Bg4 11. Ng5 (11. h3 $11 {remains equal.} Be6 12. Bf4) 11... Bf5 $36 {[%mdl 2048] Strongly threatening ...h6. Black has the initiative.} 12. g4 ({White should try} 12. Bd3 $15) 12... Bg6 $19 13. Kh1 (13. h4 $142) 13... h6 (13... Nxe5 14. f4 $15) 14. Nh3 d4 ({Don't do} 14... Nxe5 15. Nf4 $19) 15. Na4 Ba7 ({Less strong is} 15... Nxe5 16. Nxc5 Qd5+ 17. Ne4 $19) 16. b4 Nxe5 17. Bf3 Nxf3 18. Qxf3 Qd5 19. Qxd5 Nxd5 20. Nf4 Nxf4 21. Bxf4 Rfc8 {Hoping for ...Rc4.} 22. Rac1 (22. Nc5 $142) 22... Bc2 23. Nc5 Bxc5 24. Rxc2 Bxb4 25. Rb2 a5 26. Bd2 $2 (26. Rd1 {keeps fighting.}) 26... Bc3 27. Bxc3 dxc3 28. Rxb7 {[%mdl 4096] Endgame KRR-KRR} Rc4 29. Rc1 Rd8 {[#] White must now prevent ...c2.} 30. Kg2 Rxg4+ 31. Kf3 Rc4 32. Ke3 f5 {[%cal Bf7f5,Bf5f4][%mdl 32]} 33. h4 $2 (33. Rc2) 33... c2 34. Rb2 Rdc8 35. Rb5 f4+ 36. Kf3 $2 (36. Kd3) 36... Rd8 37. Ke2 {[#]} a4 $2 (37... f3+ $1 38. Kxf3 Rd1 39. Rxc2 Rxc2 40. Rxa5 Rf1) 38. a3 $2 (38. Rb2 f3+ 39. Kxf3) 38... Rc3 39. Rf5 Rd4 40. h5 g5 41. hxg6 Kg7 42. f3 Re3+ 43. Kf2 Rd2+ {Precision: White = 32%, Black = 72%.} 0-1

[Event "IOM Open-Masters 2017"]
[Site "Douglas"]
[Date "2017.09.29"]
[Round "7"]
[White "Christiansen, Johan-Sebastian"]
[Black "Kosteniuk, Alexandra"]
[Result "0-1"]
[WhiteElo "2457"]
[BlackElo "2552"]
[Annotator "TA"]
[PlyCount "76"]
[EventDate "2017.??.??"]
[EventType "swiss"]
[EventCountry "GBR"]
[SourceTitle "playchess.com"]
[Source "ChessBase"]
[SourceQuality "1"]

{[%evp 28,76,14,14,6,12,24,-3,-3,-39,0,-12,-6,-20,-16,-15,0,-66,-72,-132,-133,-140,-154,-154,-167,-141,-107,-98,-110,-110,-98,-88,-75,-131,-31,-262,-261,-243,-256,-583,-478,-479,-462,-444,-429,-29983,-29984,-29996,-29997,-29997,-29994]} 1. Nf3 Nf6 2. c4 b6 3. g3 Bb7 4. Bg2 e6 5. O-O Be7 6. d4 O-O 7. Re1 d5 8. cxd5 exd5 9. Nc3 Na6 10. Bf4 c5 11. Rc1 Ne4 12. dxc5 {E17: Damenindisch (Hauptfortsetzung)} Naxc5 13. Nd4 Nxc3 14. Rxc3 Bf6 15. b4 {LiveBook: 3 Partien} Bxd4 16. Qxd4 Ne6 17. Qe5 {[#]} Re8 $146 ({Vorgänger:} 17... Rc8 18. Rxc8 Qxc8 {½-½ (66) Sychev,K (2453)-Ponomariov,R (2709) Tallinn 2016}) 18. Rd1 Qe7 (18... g5 $5 {[%cal Re6f4]} 19. Bxd5 gxf4 20. gxf4 Bxd5 21. Rxd5 f6 22. Rxd8 fxe5 23. Rxa8 Rxa8 24. fxe5 Nf4 $15) 19. a3 d4 20. Bxb7 Qxb7 21. Rc2 Rac8 22. Rdc1 (22. Rxc8 $11 Qxc8 23. Qf5) 22... Rcd8 $15 {Und ...d3 würde nun gewinnen.} 23. Rd1 (23. Rd2 $142) 23... h6 $40 {[%mdl 128] Schwarz will per K.O. gewinnen.} 24. h4 Ng5 25. Qc7 Nh3+ 26. Kh2 Qxc7 27. Rxc7 Nxf2 28. Rd2 Ne4 29. Rd3 Nc3 30. Kh3 (30. Kg2 $142) 30... b5 ({Günstiger ist} 30... a6 $17 31. Rc6 Nxe2 32. Rxb6 Re6 33. Rxe6 fxe6) 31. Rxa7 $2 (31. e3 $15) 31... Rxe2 $19 ({Weniger gut wäre} 31... Nxe2 32. Rb7 $17) 32. Bc7 {[#]} Ne4 $1 {[%cal Re4f2]} 33. Kg4 $2 {[#]} (33. Bxd8 Nf2+ 34. Kg2 Nxd3+ 35. Kf3 Re3+ 36. Kg2) 33... f5+ $1 {[%mdl 512]} 34. Kh5 (34. Kxf5 Rd5+) 34... Rd5 35. Kg6 {Weiss droht Ta8+ und Matt.} Nd6 36. Ra8+ (36. Bxd6 $19 Re6+ 37. Kh5 Rdxd6 38. g4) 36... Ne8 {Schwarz setzt Matt.} 37. Kh5 Kh7 {[%csl Gh7][%cal Rg7g6]} 38. Ra6 Nxc7 {Precision: Weiß = 31%, Schwarz = 73%.} 0-1

[Event "IOM Open-Masters 2017"]
[Site "Douglas"]
[Date "2017.09.29"]
[Round "7"]
[White "Paehtz, Elisabeth"]
[Black "Zwahr, Paul"]
[Result "1-0"]
[WhiteElo "2453"]
[BlackElo "2306"]
[Annotator "TA"]
[PlyCount "127"]
[EventDate "2017.??.??"]
[EventType "swiss"]
[EventCountry "GBR"]
[SourceTitle "playchess.com"]
[Source "ChessBase"]
[SourceQuality "1"]

{[%evp 19,127,29,48,45,36,0,0,-52,24,13,11,16,7,0,0,0,0,0,0,0,0,-16,-8,-15,-10,-7,0,0,0,-15,0,0,0,0,0,0,8,0,8,0,0,0,0,0,32,28,29,31,58,60,226,225,564,558,550,517,595,588,563,575,543,514,541,560,497,60,93,95,89,88,94,79,86,79,77,74,90,85,81,82,120,78,204,198,183,182,191,190,224,224,224,225,218,175,254,237,375,242,239,235,12835,12835,12836,12836,12830,12830,2405,1271,29990,29991]} 1. d4 d5 2. Bf4 Nf6 3. e3 c5 4. c3 Nc6 5. Nd2 cxd4 6. exd4 {D00: 1 d4 d5: Unusual lines} Bf5 7. Ngf3 e6 8. Qb3 Qc8 9. Nh4 Be4 10. Nxe4 dxe4 {LiveBook: 13 Games} 11. g3 Be7 12. Bd2 $146 ({Predecessor:} 12. Ng2 Nd5 {0-1 (46) Meier,G (2630)-Karjakin,S (2783) chess.com INT 2017}) 12... O-O 13. Bh3 (13. Rd1 $11) 13... Nd5 {[#]} ({Black should try} 13... Na5 $15 14. Qc2 Rd8) 14. Nf5 $1 $11 {[%mdl 512]} exf5 15. Qxd5 g6 16. O-O Rd8 17. Qb5 Qd7 {White should prevent ...Nxd4.} 18. Qe2 Ne5 19. Bg2 Rac8 20. Rad1 Nc4 21. Bc1 b5 22. f3 exf3 23. Bxf3 Re8 {With the idea ...Bg5!} 24. Qf2 Bf8 25. Rfe1 Bg7 26. Rxe8+ Rxe8 27. Re1 Rxe1+ 28. Qxe1 b4 29. Qe2 bxc3 30. bxc3 Nd6 31. Kg2 Bf6 32. Qa6 Kg7 33. Qc6 Qe6 34. Kf1 $36 {[%mdl 2048] aiming for Bd5. White has the initiative.} g5 $2 ({Black should play} 34... Bd8 $1 $14) 35. Bd5 $18 Qe7 $2 (35... Qc8 36. Qxd6 Qxc3) 36. Ba3 Qe3 37. Bxd6 ({Stronger than} 37. Qxd6 Qd3+ 38. Kg1 Qd1+ 39. Kg2 (39. Kf2 Qd2+ 40. Kf1 Qd1+ 41. Kg2 Qe2+ 42. Kg1 Qe1+ 43. Kg2 Qe2+ 44. Kg1 Qe1+ 45. Kg2 Qe2+ $11) 39... Qe2+ 40. Kg1 Qe1+ 41. Kg2 Qe2+ 42. Kg1 Qe1+ 43. Kg2 Qe2+ $11) 37... Qc1+ 38. Ke2 Qc2+ 39. Ke3 f4+ 40. gxf4 gxf4+ 41. Bxf4 Qc1+ 42. Kd3 $2 (42. Kf3 $18 Qf1+ 43. Kg3) 42... Qxf4 43. Qd7 Qf1+ {[#]} 44. Kc2 $1 Qe2+ 45. Kb3 Be7 46. Qf5 ({Much worse is} 46. Qxa7 $6 Qb5+ 47. Kc2 Qe2+ 48. Kb3 Qb5+ 49. Kc2 Qe2+ 50. Kb3 $11) 46... Qb5+ 47. Kc2 Qe2+ 48. Kb1 Bf6 49. h3 h5 50. Bb3 Qd2 (50... h4 $16) 51. Qxh5 Qe1+ 52. Kb2 Qf2+ 53. Bc2 Qh2 54. Qg4+ Kf8 55. Qc8+ Kg7 56. Qd7 a6 (56... a5 {keeps fighting.} 57. a4 Qg3) 57. Qg4+ Kh6 (57... Kf8 $142 58. Qc8+ Kg7 59. Qxa6 Qb8+ 60. Ka1 Qf4) 58. Qc8 Qd6 59. Qg8 Qd7 $2 (59... Qb6+ 60. Kc1 Qe6) 60. Qh7+ Kg5 61. h4+ Kg4 62. Qe4+ Kg3 63. Qe3+ Kg2 64. Be4+ {Precision: White = 70%, Black = 48%.} 1-0

[Event "IOM Open-Masters 2017"]
[Site "Douglas"]
[Date "2017.09.29"]
[Round "7"]
[White "Neelotpal, Das"]
[Black "Balint, Vilmos"]
[Result "1/2-1/2"]
[WhiteElo "2448"]
[BlackElo "2281"]
[Annotator "TA"]
[PlyCount "106"]
[EventDate "2017.??.??"]
[EventType "swiss"]
[EventCountry "GBR"]
[SourceTitle "playchess.com"]
[Source "ChessBase"]
[SourceQuality "1"]

{[%evp 11,106,18,13,10,31,0,20,26,23,0,0,0,0,-37,7,-31,-8,-29,18,8,15,0,0,0,0,0,0,0,0,0,0,0,0,-14,0,0,0,0,0,-41,-39,-44,-40,-27,-11,-5,0,0,0,-7,0,0,0,-13,0,0,0,0,0,0,0,0,0,0,0,0,0,-4,0,0,0,-18,0,-60,0,-59,0,0,0,0,0,0,0,0,2,0,12,0,0,0,0,0,0,0,0,0,0]} 1. Nf3 c5 2. e4 a6 3. c3 e6 4. d4 d5 5. e5 Nc6 6. Be2 Nge7 {LiveBook: 4 Partien. B28: Sizilianisch (Frühes a7-a6)} (6... Bd7 7. O-O Rc8 8. a3 c4 9. Ng5 Na5 10. Be3 Nb3 11. Ra2 Ne7 12. f4 Nf5 13. Bf2 Be7 14. Nf3 {1-0 (37) Karjakin,S (2732)-Polgar,J (2707) Odessa 2008}) 7. O-O Nf5 8. Bd3 $146 ({Vorgänger:} 8. dxc5 Bxc5 9. b4 Be7 10. a3 Qc7 11. Re1 O-O 12. Bd3 f6 13. Bxf5 exf5 14. Qxd5+ {½-½ (48) Scarpa,S (1848)-Waechter,N (1993) Prague 2016}) 8... cxd4 9. Bxf5 $1 exf5 10. cxd4 Be7 11. Nc3 {[%cal Bb1c3,Bc3e2,Be2f4][%mdl 32]} Be6 12. Ne2 O-O 13. Nf4 Rc8 (13... g5 $5 {[%cal Rg5f4]} 14. Ne2 f4 $15) 14. a3 Qb6 15. h4 h6 16. Rb1 Bxa3 17. Nxe6 fxe6 18. Bxh6 $1 gxh6 19. bxa3 Qa7 20. Qd2 Kh7 21. Rfd1 Rg8 22. Nh2 Rc7 23. Kh1 Rcg7 24. g3 b6 25. Rb3 Na5 26. Rf3 Nc4 27. Qc2 Qe7 28. a4 Kh8 29. Qc1 $1 Kh7 30. Qc2 Rg6 31. Qb1 Kh8 32. Qc1 Qb4 (32... Rc8 {keeps more tension.} 33. Qc2 Rgg8 34. Qb3 Rcf8 35. Qc3 Qe8) 33. Qc2 Qb2 34. Qxb2 Nxb2 35. Ra1 Rc8 36. Rb3 Nc4 37. Rc1 Rg7 38. Nf3 Rg4 39. Rd3 Kg8 40. Ng1 Rc6 41. Rdd1 Re4 42. Ra1 (42. Kg2 $11) 42... Kf7 (42... f4 $15 43. f3 Re3 44. gxf4 Rb3) 43. Ra2 (43. Kg2 $11) 43... Ke7 (43... f4 $1 $15 44. g4 {[#]} f3 $1 {[%mdl 512]} 45. Nxf3 Rxg4) 44. Nh3 $11 {Die Stellung ist ausgeglichen.} Rg4 45. Nf4 Rg8 46. Nd3 Ra8 47. Rb1 Ra7 48. Nf4 Na5 49. Rab2 Rb7 50. Kg1 Nc4 51. Ra2 Na5 52. Rab2 Nc4 53. Ra2 Na5 {Precision: Weiß = 53%, Schwarz = 50%.} 1/2-1/2

[Event "IOM Open-Masters 2017"]
[Site "Douglas"]
[Date "2017.09.29"]
[Round "7"]
[White "Yankelevich, Lev"]
[Black "Osmanodja, Filiz"]
[Result "1-0"]
[WhiteElo "2443"]
[BlackElo "2245"]
[Annotator "TA"]
[PlyCount "85"]
[EventDate "2017.??.??"]
[EventType "swiss"]
[EventCountry "GBR"]
[SourceTitle "playchess.com"]
[Source "ChessBase"]
[SourceQuality "1"]

{[%evp 16,84,37,18,58,0,0,0,0,-6,0,-9,0,-15,17,-8,37,18,64,0,38,0,51,-154,-140,-123,-26,-13,0,-56,-48,-44,-18,-18,-10,-5,0,0,0,0,0,0,0,29,63,75,74,84,93,54,168,203,293,266,306,298,495,485,601,537,1359,1123,29981,29978,29996,29997,29997,29998,29998,29999,29999]} 1. d4 Nf6 2. c4 e6 3. Nf3 Bb4+ 4. Bd2 c5 5. Bxb4 cxb4 6. a3 bxa3 7. Nxa3 O-O {E11: Bogo-Indian} 8. e3 d6 9. b4 {LiveBook: 5 Games} a5 $146 {The position is equal.} ({Predecessor:} 9... b6 10. Be2 Bb7 11. O-O a6 12. Qb3 Nbd7 13. Rfc1 Qc7 14. Nd2 Rfc8 15. Qb2 {1-0 (43) Laznicka,V (2651)-Castellanos Rodriguez,R (2495) Monzon 2016}) 10. b5 (10. Nb5 $14) 10... b6 11. Bd3 Bb7 12. O-O Nbd7 13. Nd2 e5 14. Nab1 {[%cal Ba3b1,Bb1c3,Bc3e4][%mdl 32]} Re8 15. Nc3 Nf8 16. Nb3 Ne6 17. Bf5 (17. d5 $14 Nf8 18. Nd2) 17... Nd7 18. Ne4 Qe7 (18... g6 $11) 19. Qd3 $2 {[#]} (19. d5 $14 {stays ahead.} Nef8 20. Qg4) 19... exd4 $1 $17 20. Bxh7+ {[#]} Kh8 (20... Kf8 $1 $17 21. Ng3 (21. exd4 $2 Nf4 $19) 21... Ne5) 21. Bf5 $11 Ne5 22. Qe2 ({White should try} 22. Qd1 $11 g6 23. Bxe6 Bxe4 24. Qxd4) 22... g6 $15 {Strongly threatening ...d3.} 23. Bxe6 d3 (23... Bxe4 $5 24. Bd5 $8 Bxd5 25. cxd5 dxe3 $11) 24. Qb2 {And now Bd5 would win.} Qxe6 25. Nbd2 {Hoping for f4.} f5 26. Ng3 {Threatens to win with f4.} Kh7 27. Qd4 $36 {[%mdl 2048] White is more active.} d5 {[%cal Rd5c4]} 28. c5 bxc5 29. Qxc5 Rac8 30. Qd4 Rc2 31. Rfd1 Qf6 32. h3 Nd7 ({Black should play} 32... Rf8 $14) 33. Qxd3 $18 Rec8 (33... Qb2 $142 34. Rxa5 Nc5) 34. Rxa5 Qb6 35. Raa1 {[%cal Ba5a1,Ba1a4,Ba4h4][%mdl 32]} Rb2 $2 {[#]} (35... Ne5 36. Qb3 R2c5) 36. Nxf5 $1 gxf5 37. Qxf5+ Kh6 38. Qxd7 Rcc2 39. Ra4 {White mates.} Rxd2 40. Rh4+ Kg6 41. Qh7+ Kf6 42. Rh6+ Ke5 43. f4# {Precision: White = 36%, Black = 25%.} 1-0

[Event "IOM Open-Masters 2017"]
[Site "Douglas"]
[Date "2017.09.29"]
[Round "7"]
[White "Shvayger, Yuliya"]
[Black "Watson, John L"]
[Result "1-0"]
[WhiteElo "2442"]
[BlackElo "2247"]
[Annotator "TA"]
[PlyCount "103"]
[EventDate "2017.??.??"]
[EventType "swiss"]
[EventCountry "GBR"]
[SourceTitle "playchess.com"]
[Source "ChessBase"]
[SourceQuality "1"]

{[%evp 15,103,0,0,0,35,-12,-16,-7,-12,-9,-13,-55,-10,-46,-18,-35,0,-29,108,99,108,0,0,6,6,0,0,0,0,0,0,0,0,0,209,198,334,264,266,256,313,209,306,303,409,366,368,354,428,421,402,274,278,195,178,174,234,203,193,200,260,261,436,451,433,395,567,559,613,595,756,699,1111,993,5309,4930,5302,5302,5284,5281,29984,29985,29984,29985,29986,29987,29985,29977,29995,1721]} 1. e4 e6 2. d4 d5 3. Nc3 Bb4 4. e5 c5 5. a3 Bxc3+ 6. bxc3 Ne7 7. h4 Qa5 8. Bd2 Qa4 9. h5 {C18: French: 3 Nc3 Bb4: Main line: 7 h4 and 7 Qg4} cxd4 (9... Nbc6 10. h6 gxh6 11. Nf3 cxd4 12. cxd4 Nxd4 13. Bd3 Nec6 14. Rb1 Rg8 15. Kf1 Nxf3 16. gxf3 b6 {0-1 (27) Sutovsky,E (2642)-Ivanchuk,V (2720) Ashdod 2015}) 10. cxd4 (10. Rb1 $5 {[%cal Rf1b5]} Nbc6 11. Bb5 Qxa3 12. cxd4 $11) 10... Qxd4 11. Nf3 {The position is equal.} Qe4+ 12. Be2 {[#] Hoping for Rh4.} Nf5 $1 13. Kf1 b6 14. h6 gxh6 15. Bb5+ Kd8 $146 ({Predecessor:} 15... Bd7) 16. Bxh6 Nxh6 (16... Ba6 $11 17. Bd3 Rg8) 17. Rxh6 $16 {Threatens to win with Ng5.} Rg8 18. Rh4 (18. Bd3 $16 Ba6 19. Rc1) 18... Rg4 $11 19. Bd3 Ba6 20. Kg1 Bxd3 21. cxd3 Qg6 22. Rxg4 Qxg4 23. Qc2 Nd7 24. Rc1 $1 $36 {[%mdl 2048] White is pushing.} Nc5 $2 (24... h5 $11 {and Black has nothing to worry.}) 25. d4 $18 Rc8 (25... Nd7 $142 26. Qxh7 Qf4) 26. dxc5 Rxc5 27. Qd2 Qa4 28. Rc3 Kc7 (28... Kd7 {was worth a try.} 29. Rd3 Qc2 30. Qxc2 Rxc2) 29. Rd3 Qb5 30. Nd4 Qb1+ {[#]} 31. Kh2 $1 Kb7 32. Rf3 Rc7 33. Rc3 Rc5 34. Nb3 Rxc3 35. Qxc3 {Black must now prevent Nd4.} Qe4 (35... Qf5 $142) 36. Qg3 a5 37. Nd2 Qc2 38. Qf4 Ka6 $2 (38... Qg6 39. Nf3 Kc7) 39. Nf3 Qg6 40. g3 h6 (40... Qh5+ $142 41. Kg2 Qg6) 41. Qc1 Qd3 42. Qc8+ Kb5 43. Qe8+ Ka6 44. a4 {[%cal Re8a8]} b5 45. Qxf7 bxa4 46. Qxe6+ Kb5 47. Qf7 a3 48. e6 {White mates.} a2 49. e7 a1=Q 50. e8=Q+ Kb4 51. Qf4+ Ka3 52. Qea4+ {Precision: White = 68%, Black = 25%.} 1-0

[Event "IOM Open-Masters 2017"]
[Site "Douglas"]
[Date "2017.09.29"]
[Round "7"]
[White "Trent, Lawrence"]
[Black "Player, Edmund C"]
[Result "1-0"]
[WhiteElo "2427"]
[BlackElo "2202"]
[Annotator "TA"]
[PlyCount "111"]
[EventDate "2017.??.??"]
[EventType "swiss"]
[EventCountry "GBR"]
[SourceTitle "playchess.com"]
[Source "ChessBase"]
[SourceQuality "1"]

{[%evp 9,111,-9,2,0,-2,0,3,0,13,11,8,7,44,50,84,37,35,25,52,49,53,43,47,40,39,41,44,34,29,-18,19,8,19,33,19,14,22,25,56,105,412,57,73,85,162,136,150,150,194,203,186,131,150,142,142,141,129,110,136,77,158,91,90,93,143,162,191,109,133,115,301,302,293,293,1159,1040,1361,1372,12830,8899,29958,29959,29960,29961,29961,29958,29957,782,29973,29974,29975,29976,29976,29976,29976,29977,29975,29977,29975,29974,29971,29972,29984,29985]} 1. c4 e5 2. e3 Nf6 3. Nc3 Nc6 4. g4 h6 (4... Bb4 5. g5 Bxc3 6. bxc3 Ng8 7. d4 Qxg5 8. d5 Nd8 9. d6 c6 10. Nf3 Qf5 11. Rg1 Ne6 {1-0 (48) Carlsen,M (2832)-Vachier Lagrave,M (2796) Leuven 2017}) 5. Bg2 Bb4 6. h3 {A25: English Opening vs King's Indian with ...Nc6 but without early d3} Bxc3 $146 ({Predecessor:} 6... d6 7. Nge2 O-O 8. a3 Bxc3 9. Nxc3 Be6 10. d3 d5 11. cxd5 Nxd5 {0-1 (49) Hargreaves,J (1451)-Michos,D (1543) LSS email 2010}) 7. bxc3 Qe7 8. Ne2 {The position is equal.} e4 9. Ng3 O-O 10. O-O Na5 11. f3 {[%cal Rf3e4]} exf3 12. Qxf3 {Threatens to win with Nf5.} d6 13. d3 Nh7 14. Rb1 Rb8 15. Qf4 b6 16. Nf5 Bxf5 17. gxf5 Qe5 18. Qxe5 dxe5 19. c5 Rfd8 20. d4 bxc5 21. Rxb8 Rxb8 22. dxe5 Nc4 23. e6 fxe6 24. fxe6 {Bd5 is the strong threat.} Ng5 $2 {[%mdl 8192]} (24... Nf6 $16 {is more resistant.}) 25. Bd5 $2 (25. e7 $18 Nd6 26. Bd5+ Kh7 27. h4) 25... Nb6 $1 $14 {[%cal Rb6d5]} 26. e4 {Hoping for Bxg5.} Re8 (26... c6 $16 27. Bxc6 Nxe6) 27. Bxg5 $1 $18 hxg5 {[%mdl 4096] Endgame [#] KRB-KRN} 28. Rf5 $1 Re7 29. Rxg5 Na4 30. Bb3 ({Better is} 30. Kf2 $18) 30... Nxc3 $16 31. Rxc5 Nxe4 {[#]} 32. Rxc7 $1 {[%mdl 512]} Kf8 (32... Rxc7 33. e7+) 33. Rc6 g6 {[#]} 34. Bd5 (34. Kg2 $142 $1) 34... Ng5 (34... Ng3 $142) 35. h4 ({White should play} 35. Kf2) 35... Nh7 36. Kf2 Kg7 37. Ke3 Nf8 38. Ke4 ({White should try} 38. Ra6 $18) 38... Kf6 39. Ra6 Rh7 $2 {[#]} (39... Nd7 $16 {keeps fighting.} 40. Kf3 Nc5) 40. e7+ $1 $18 {[%mdl 512]} Kxe7 41. Rxa7+ Kd6 $2 (41... Nd7 42. Bc6 Rxh4+ 43. Ke3 Rh3+ 44. Kd2 Rh2+ 45. Ke1 Kd6) 42. Rxh7 Nxh7 {KB-KN} 43. Kd4 g5 44. Be4 Nf8 45. h5 {[%cal Bh4h5,Bh5h6][%mdl 32]} Ne6+ 46. Ke3 Ke5 47. h6 Kf6 48. a4 (48. h7 $142 Kg7 49. a4 Nc5 50. a5 Kh8 51. Bd3 Kg7 52. Bf5 Na6 53. Kf3) 48... Nc7 49. a5 {White mates.} Kf7 50. Kf3 Na6 51. Kg4 Nc5 52. Bc2 Kf6 53. h7 Kg7 54. Kxg5 Ne6+ 55. Kg4 Kh8 56. a6 {Precision: White = 62%, Black = 32%.} 1-0

[Event "IOM Open-Masters 2017"]
[Site "Douglas"]
[Date "2017.09.29"]
[Round "7"]
[White "Zatonskih, Anna"]
[Black "Sutovsky, Emil"]
[Result "0-1"]
[WhiteElo "2424"]
[BlackElo "2683"]
[Annotator "TA"]
[PlyCount "56"]
[EventDate "2017.??.??"]
[EventType "swiss"]
[EventCountry "GBR"]
[SourceTitle "playchess.com"]
[Source "ChessBase"]
[SourceQuality "1"]

{[%evp 9,56,46,39,28,28,24,25,27,30,3,16,0,35,-34,-39,-65,-68,-133,-134,-124,-72,-173,-168,-239,-239,-232,-237,-229,-234,-229,-221,-233,-145,-150,-145,-139,-171,-622,-640,-753,-749,-29973,-29974,-29974,-29975,-29975,-29976,-29998,-29999]} 1. e4 g6 2. d4 d6 3. Nf3 Bg7 4. c3 Nc6 5. Bb5 a6 {LiveBook: 3 Games} (5... Bd7 6. O-O e5 7. Bg5 Nf6 8. Bxc6 Bxc6 9. dxe5 dxe5 10. Nxe5 Qxd1 11. Rxd1 Nxe4 12. Bf4 g5 13. Nxc6 gxf4 14. Nb4 Rd8 15. Rxd8+ Kxd8 {½-½ (30) Dreev,A (2660)-Gelashvili,T (2605) Benidorm 2009}) 6. Bxc6+ {B06: Modern Defence} (6. Ba4 {looks sharper.} Nf6 7. O-O O-O 8. Re1 b5 9. Bc2) 6... bxc6 7. O-O Nf6 8. Re1 {White has an edge.} O-O 9. Nbd2 a5 10. b3 $146 ({Predecessor:} 10. a4 Nd7 11. Nb3 Nb6 12. h3 f6 13. Qc2 {1-0 (30) Taimanov,M (2515)-Davies,N (2475) Tel Aviv 1990}) 10... a4 11. Ba3 (11. b4 $14) 11... Nh5 $15 12. Nf1 c5 13. e5 ({White should play} 13. b4 $15) 13... cxd4 $17 14. cxd4 Nf4 (14... axb3 $142 15. axb3 Bb7) 15. Ne3 (15. Bc1 $17 Nd5 16. bxa4) 15... Bb7 $19 16. Nc4 (16. b4 {is a better defense.}) 16... Qd7 17. h3 axb3 18. axb3 Qf5 19. Re3 Bh6 {And now ...Nxh3+! would win.} 20. Ne1 dxe5 21. Rxe5 {[#]} Nxh3+ $1 {[%mdl 512]} 22. gxh3 Qxh3 $40 {[%csl Gb7][%cal Rh3h1][%mdl 128] Black goes for the king.} 23. d5 $2 (23. f3) 23... Bf4 {( -> ...Bh2+)} 24. Nf3 Rfd8 25. Bxe7 Rxa1 {Black mates.} 26. Qxa1 Rxd5 27. Rxd5 Bxd5 28. Qa4 {[#]} Bh2+ $1 {[%mdl 512] Precision: White = 27%, Black = 80%.} 0-1

[Event "IOM Open-Masters 2017"]
[Site "Douglas"]
[Date "2017.09.29"]
[Round "7"]
[White "Raja Harshit"]
[Black "Huschenbeth, Niclas"]
[Result "0-1"]
[WhiteElo "2423"]
[BlackElo "2596"]
[Annotator "TA"]
[PlyCount "86"]
[EventDate "2017.??.??"]
[EventType "swiss"]
[EventCountry "GBR"]
[SourceTitle "playchess.com"]
[Source "ChessBase"]
[SourceQuality "1"]

{[%evp 11,86,16,28,14,21,21,22,39,22,31,27,34,31,21,32,-24,-16,-21,-27,-131,-134,-127,-147,-139,-130,-211,-95,-86,-14,-44,-39,-35,-55,-49,-27,-50,-41,-41,-51,-45,-27,-92,-120,-116,-109,-135,-130,-150,-137,-169,-170,-156,-157,-191,-144,-193,-138,-243,-210,-207,-188,-260,-244,-391,-389,-466,-443,-466,-440,-463,-457,-451,-419,-472,-466,-449,-461]} 1. e4 c5 2. Nf3 d6 3. d4 cxd4 4. Nxd4 Nf6 5. Nc3 a6 6. Bg5 Nbd7 7. Qe2 {B94: Sicilian Najdorf: 6 Bg5 Nbd7} (7. Bc4 Qa5 8. Qd2 e6 9. Bb3 Be7 10. O-O-O h6 11. Be3 Nc5 12. Kb1 Bd7 13. f3 Qc7 14. g4 b5 15. a3 Qb7 16. h4 a5 {1-0 (34) Nepomniachtchi,I (2732)-Korobov,A (2711) Khanty-Mansiysk 2017}) 7... h6 8. Bh4 b5 9. f4 {Threatens to win with e5.The position is equal.} g5 10. fxg5 hxg5 11. Bxg5 Bb7 12. O-O-O e6 13. e5 ({White should play} 13. Qe1 $14) 13... dxe5 $11 14. Nf3 {[#]} b4 $146 ({Predecessor:} 14... Rg8) 15. Nxe5 {[#]} (15. Ne4 $1 $11 Bxe4 16. Bxf6 Qxf6 17. Qxe4 Qf4+ 18. Qxf4 exf4 19. Be2) 15... Qa5 $1 $17 16. Nb5 axb5 17. Qxb5 {[#]} Bc8 $1 18. g4 (18. Bc4 $17 {was the only chance.} Bh6 19. h4) 18... Bh6 (18... Be7 $19 {and Black stays clearly on top.} 19. Bxf6 Bxf6 20. Rxd7 Bg5+ 21. Rd2+ Kf8 22. Qxa5 Rxa5) 19. Bxh6 {aiming for Bg7.} Rxh6 (19... Qxa2 $17 {And now ...Ne4 would win.} 20. Nxd7 (20. Qxb4 $2 Ra4 $19) 20... Bxd7) 20. g5 Rh5 21. Qxa5 $1 Rxa5 22. Nc4 Rhxg5 23. h4 Rgc5 24. Nxa5 Rxa5 25. Rd4 Bb7 26. Rg1 (26. Rh3 $11 {remains equal.}) 26... Rxa2 27. Kb1 {[#]} b3 $1 {Strongly threatening ...bxc2+.} 28. cxb3 Ra5 29. b4 Re5 30. Bg2 Bxg2 31. Rxg2 Re1+ 32. Ka2 Rh1 33. b5 Nb6 (33... Nd5 $19 34. Re2 Kd8) 34. Rg7 (34. Rgd2 $17) 34... Kf8 35. Rg2 Ke7 36. Kb3 (36. Rgd2 {was worth a try.}) 36... Nfd5 37. Rg8 (37. Rgd2 {is a better defense.} Ne3 38. R2d3) 37... f5 $19 38. Rb8 Rh3+ 39. Kc2 e5 40. Rd2 Rxh4 41. Rf2 Kd6 42. Rd8+ Kc5 43. Re8 Nc4 {Precision: White = 36%, Black = 79%.} 0-1